Statistics for OECD Nations

Click here to take the quiz!

General Stats

  • This quiz has been taken 22 times
    (14 since last reset)
  • The average score is 29 of 35

Answer Stats

ContinentCountry% Correct
OceaniaAustralia
100%
North AmericaCanada
92%
AsiaJapan
92%
North AmericaMexico
92%
OceaniaNew Zealand
92%
AsiaSouth Korea
92%
EuropeUnited Kingdom
92%
North AmericaUnited States
92%
EuropeAustria
83%
EuropeFinland
83%
EuropeFrance
83%
EuropeGermany
83%
EuropeIceland
83%
EuropeIreland
83%
EuropeItaly
83%
EuropeLuxembourg
83%
EuropeNetherlands
83%
EuropeNorway
83%
EuropePoland
83%
EuropePortugal
83%
EuropeSweden
83%
EuropeSwitzerland
83%
EuropeBelgium
75%
South AmericaChile
75%
EuropeDenmark
75%
EuropeEstonia
75%
EuropeGreece
75%
EuropeHungary
75%
EuropeLatvia
75%
EuropeSlovenia
75%
EuropeSpain
75%
Europe/AsiaTurkey
75%
EuropeCzech Republic
67%
EuropeSlovakia
67%
AsiaIsrael
58%

Score Distribution

Percentile by Number Answered

Percent of People with Each Score

Your Score History

You have not taken this quiz since the last reset